Organizacija i planirovanije raboty vyčislitel'nogo centra

Uložené v:
Podrobná bibliografia
Hlavný autor: L'janova, Diana Sergejvna
Médium: Kniha
Jazyk:Russian
Vydavateľské údaje: Alma-Ata Kazachstan 1984
Tagy: Pridať tag
Žiadne tagy, Buďte prvý, kto otaguje tento záznam!

MARC

LEADER 00000nam a2200000 4500
001 c108721
005 20041019155142.2
041 0 |a rus 
044 |a KZ 
245 1 0 |a Organizacija i planirovanije raboty vyčislitel'nogo centra  |c Diana Sergejvna L'janova 
264 1 |a Alma-Ata  |b Kazachstan  |c 1984 
300 |a 121 s. 
100 1 |a L'janova, Diana Sergejvna